LEADER 03879oam 2200721I 450 001 9910452796603321 005 20200520144314.0 010 $a1-280-87472-4 010 $a9786613716033 010 $a1-136-30803-2 010 $a1-136-30802-4 010 $a0-203-11814-6 024 7 $a10.4324/9780203118146 035 $a(CKB)2550000000104863 035 $a(EBL)981965 035 $a(OCoLC)804663059 035 $a(SSID)ssj0000688111 035 $a(PQKBManifestationID)12218619 035 $a(PQKBTitleCode)TC0000688111 035 $a(PQKBWorkID)10757719 035 $a(PQKB)10900884 035 $a(MiAaPQ)EBC981965 035 $a(Au-PeEL)EBL981965 035 $a(CaPaEBR)ebr10578205 035 $a(CaONFJC)MIL371603 035 $a(OCoLC)801405475 035 $a(EXLCZ)992550000000104863 100 $a20180706d2012 uy 0 101 0 $aeng 135 $aur|n|---||||| 181 $ctxt 182 $cc 183 $acr 200 00$aContemporary black American cinema $erace, gender and sexuality at the movies /$fedited by Mia Mask 210 1$aNew York :$cRoutledge,$d2012. 215 $a1 online resource (285 p.) 300 $aIncludes index. 311 $a1-138-79509-7 311 $a0-415-52322-2 327 $aFront Cover; Contemporary Black American Cinema; Copyright Page; Contents; List of Figures; Acknowledgments; Introduction: Mia Mask; 1. Paul Robeson and the End of His "Movie" Career: Charles Musser; 2. The Burden of the Beautiful Beast Visualization and the Black Male Body: Keith M. Harris; 3. Reckless Eyeballing:Coonskin, Film Blackness and the Racial Grotesque: Michael B. Gillespie; 4. The Measure of Men: Legacies of Poitier's A Piece of the Action: Ian Gregory Strachan; 5. Bamboozled: In the Mirror of Abjection: Ed Guerrero 327 $a6. Between Documentary and the Avant-Garde: Exploring the Visual Poetics of Ruins in Christopher Harris's still/here: Terri Francis7. Who's behind that Fat Suit?: Momma, Madea, Rasputia and the Politics of Cross-Dressing: Mia Mask; 8. Disney's Improvisation: New Orleans' Second Line, Racial Masquerade and the Reproduction of Whiteness in The Princess and the Frog: Sarita McCoy Gregory; 9. Shadowboxing: Lee Daniel's Nonrepresentational Cinema: Alessandra Raengo; 10. "I'm a Militant Queen": Queering Blaxploitation Films: Angelique Harris 327 $a11. Street Girls with No Future?: Black Women Coming of Age in the City: Paula J. MassoodContributors; Index 330 $aContemporary Black American Cinema offers a fresh collection of essays on African American film, media, and visual culture in the era of global multiculturalism. Integrating theory, history, and criticism, the contributing authors deftly connect interdisciplinary perspectives from American studies, cinema studies, cultural studies, political science, media studies, and Queer theory. This multidisciplinary methodology expands the discursive and interpretive registers of film analysis. From Paul Robeson's and Sidney Poitier's star vehicles to Lee Daniels's directorial forays, these e 606 $aAfrican Americans in motion pictures 606 $aAfrican Americans in the motion picture industry 606 $aRace in motion pictures 606 $aSex role in motion pictures 606 $aSex in motion pictures 608 $aElectronic books. 615 0$aAfrican Americans in motion pictures. 615 0$aAfrican Americans in the motion picture industry. 615 0$aRace in motion pictures. 615 0$aSex role in motion pictures. 615 0$aSex in motion pictures. 676 $a791.43/652996073 701 $aMask$b Mia$f1969-$0979666 801 0$bMiAaPQ 801 1$bMiAaPQ 801 2$bMiAaPQ 906 $aBOOK 912 $a9910452796603321 996 $aContemporary black American cinema$92234188 997 $aUNINA LEADER 04057nam 2200793 450 001 9910455287403321 005 20200520144314.0 010 $a0-262-26134-0 010 $a1-282-09605-2 010 $a9786612096051 010 $a0-262-25565-0 010 $a9780585281327 010 $a0-585-28132-7 035 $a(CKB)111004366546582 035 $a(OCoLC)45731551 035 $a(CaPaEBR)ebrary2001012 035 $a(SSID)ssj0000139103 035 $a(PQKBManifestationID)11136690 035 $a(PQKBTitleCode)TC0000139103 035 $a(PQKBWorkID)10010612 035 $a(PQKB)10486360 035 $a(SSID)ssj0001141128 035 $a(PQKBManifestationID)12461312 035 $a(PQKBTitleCode)TC0001141128 035 $a(PQKBWorkID)11089759 035 $a(PQKB)11171535 035 $a(MiAaPQ)EBC3338422 035 $a(CaBNVSL)mat06267212 035 $a(IDAMS)0b000064818b4182 035 $a(IEEE)6267212 035 $a(OCoLC)45731551$z(OCoLC)49797169$z(OCoLC)532795459$z(OCoLC)666932735$z(OCoLC)680879615$z(OCoLC)722745585$z(OCoLC)728043159$z(OCoLC)752186568$z(OCoLC)819748765$z(OCoLC)961633857$z(OCoLC)962672262$z(OCoLC)966110854$z(OCoLC)970723782$z(OCoLC)988507612$z(OCoLC)992017987$z(OCoLC)1007415010$z(OCoLC)1037934272$z(OCoLC)1038648733$z(OCoLC)1045461778$z(OCoLC)1053010283$z(OCoLC)1055321951$z(OCoLC)1065109361$z(OCoLC)1077246230$z(OCoLC)1081226356$z(OCoLC)1091726151 035 $a(OCoLC-P)45731551 035 $a(MaCbMITP)2423 035 $a(Au-PeEL)EBL3338422 035 $a(CaPaEBR)ebr2001012 035 $a(CaONFJC)MIL209605 035 $a(OCoLC)939263557 035 $a(EXLCZ)99111004366546582 100 $a20151229d2001 uy 101 0 $aeng 135 $aurcn||||||||| 181 $ctxt 182 $cc 183 $acr 200 10$aDigital libraries /$fWilliam Y. Arms 210 1$aCambridge, Massachusetts :$cMIT Press,$dc2000. 210 2$a[Piscataqay, New Jersey] :$cIEEE Xplore,$d[2001] 215 $a1 online resource (302 p.) 225 1 $aDigital libraries and electronic publishing 300 $aBibliographic Level Mode of Issuance: Monograph 311 $a0-262-51127-4 311 $a0-262-01180-8 320 $aIncludes bibliographical references and index. 330 $aThe emergence of the Internet and the wide availability of affordable computing equipment have created tremendous interest in digital libraries and electronic publishing. This book is the first to provide an integrated overview of the field, including a historical perspective, the state of the art, and current research.The term "digital libraries" covers the creation and distribution of all types of information over networks, ranging from converted historical materials to kinds of information that have no analogues in the physical world. In some ways digital libraries and traditional libraries are very different, yet in other ways they are remarkably similar. People still create information that has to be organized, stored, and distributed, and they still need to find and use information that others have created. An underlying theme of this book is that no aspect of digital libraries can be understood in isolation or without attention to the needs of the people who create and use information. Although the book covers a wide range of technical, economic, social, and organizational topics, the focus is on the actual working components of a digital library. 410 0$aDigital libraries and electronic publishing 606 $aLibraries$zUnited States$xSpecial collections$xElectronic information resources 606 $aDigital libraries$zUnited States 608 $aElectronic books. 615 0$aLibraries$xSpecial collections$xElectronic information resources. 615 0$aDigital libraries 676 $a025/.00285 700 $aArms$b William Y.$0857507 801 0$bCaBNVSL 801 1$bCaBNVSL 801 2$bCaBNVSL 906 $aBOOK 912 $a9910455287403321 996 $aDigital libraries$91914745 997 $aUNINA